01594nabaa22002057a 4500999001500000003000400015005001700019008004100036040000700077100002600084245029700110300001200407505064800419505009001067650003201157650003601189650003101225773011901256942001301375 c6110d6110OSt20260122094240.0190701b xxu||||| |||| 00| 0 spa d cPJ 96878aGarda, Juan B. 13aLa omisión de la licitación pública, consecuencias jurídicas y análisis crítico de la doctrina jurisprudencial de la CS :b¿es correcto decretar la “inexistencia” del contrato administrativo ante la omisión de la licitación pública exigida por la ley? /cJuan B. Garda. ap. 3-22 aSumario: I. Introducción.— II. La doctrina jurisprudencial de la CS: ante omisión de licitación pública deriva la inexistencia del contrato administrativo.— III. La licitación pública hace al “procedimiento” del contrato administrativo, no a su “forma”.— IV. Nulidad absoluta e inexistencia. Incongruencia de la doctrina jurisprudencial de la CS en materia de contratos administrativos a la luz de los principios del derecho público.— V. Las consecuencias muy distintas que producen la nulidad absoluta y la inexistencia de un contrato administrativo.— VI. Consideraciones finales. Mi respuesta al interrogante. t¿Te interesa el texto completo? Comunicate al correo: koha@justierradelfuego.gov.ar  09211aDERECHO ADMINISTRATIVO 091170aCONTRATOS ADMINISTRATIVOS 092988aLICITACION PÚBLICA0 0284293251dBuenos Aires : AbeledoPerrot, 2012-oDA121tDerecho administrativo. Nº 146 marzo/abril 2023z18510590 2udccANA